[Event "33rd Rilton Cup"]
[Site "Stockholm SWE"]
[Date "2004.01.04"]
[Round "8.34"]
[White "Nordlund, Jim"]
[Black "Carlsson, Nils"]
[Result "1-0"]
[WhiteElo "2145"]
[BlackElo "2233"]
[EventDate "2003.12.27"]
[PlyCount "77"]

1.e4 e5 2.Nf3 Nc6 3.Bb5 Nf6 4.O-O d6 5.d4 exd4 6.Nxd4 Bd7 7.Nc3 Be7 8.Bxc6
bxc6 9.b3 O-O 10.Bb2 Re8 11.h3 Bf8 12.Re1 g6 13.Nf3 Bg7 14.e5 dxe5 15.Nxe5
Qc8 16.Qf3 Re6 17.Ne4 Be8 18.Ng5 Re7 19.Nxc6 Bxc6 20.Qxc6 Qe8 21.Qxe8+ 
Raxe8 22.Kf1 Nd5 23.Bxg7 Kxg7 24.c4 Nb4 25.Rxe7 Rxe7 26.Nf3 h5 27.a3 Nc6 
28.Rd1 Na5 29.Rd3 c5 30.g3 Rb7 31.Nd2 Nc6 32.Ne4 Ne5 33.Nxc5 Rc7 34.Rd5 
Nc6 35.b4 a5 36.Na6 Rc8 37.b5 Ne7 38.Rd7 Nc6 39.b6 1-0

[Event "33rd Rilton Cup"]
[Site "Stockholm SWE"]
[Date "2004.01.04"]
[Round "8.35"]
[White "Marttala, Thomas"]
[Black "Paaske, Asger"]
[Result "1/2-1/2"]
[WhiteElo "2227"]
[BlackElo "2162"]
[EventDate "2003.12.27"]
[PlyCount "84"]

1.Nf3 Nf6 2.d4 g6 3.c4 Bg7 4.Nc3 d5 5.e3 O-O 6.cxd5 Nxd5 7.Bc4 Nb6 8.Bb3 
Nc6 9.O-O e5 10.d5 Na5 11.e4 Bg4 12.h3 Nxb3 13.axb3 Bxf3 14.Qxf3 Nc8 15.
Qd3 Nd6 16.Be3 a6 17.b4 f5 18.f3 fxe4 19.Nxe4 Nxe4 20.fxe4 Rxf1+ 21.Rxf1 
Qd7 22.Qc3 Rf8 23.Rc1 Rf7 24.Bf2 Qe7 25.Bg3 Qg5 26.Rc2 h5 27.Rf2 Rxf2 28.
Kxf2 Qf6+ 29.Ke2 Qd6 30.Kd3 b6 31.Kc2 Bf6 32.Qc4 Be7 33.Kb3 Kh7 34.Be1 b5 
35.Qc3 Bf6 36.g4 hxg4 37.hxg4 Kg8 38.Bg3 Bg7 39.Qe3 Bf8 40.Qc3 Bg7 41.Bf2 
Bf6 42.Bg3 Bg7 1/2-1/2

[Event "33rd Rilton Cup"]
[Site "Stockholm SWE"]
[Date "2004.01.04"]
[Round "8.36"]
[White "Osttveit, Martin"]
[Black "Edlund, Robin"]
[Result "0-1"]
[WhiteElo "2075"]
[BlackElo "2227"]
[EventDate "2003.12.27"]
[PlyCount "60"]

1.e4 c5 2.Nc3 Nc6 3.f4 g6 4.Nf3 Bg7 5.Bb5 Na5 6.a4 a6 7.Be2 d6 8.O-O Nf6 
9.Qe1 Nc6 10.Bc4 O-O 11.d3 e6 12.f5 Nd4 13.Bb3 exf5 14.Qh4 Be6 15.Bg5 Bxb3
16.cxb3 Ne6 17.exf5 Nxg5 18.Nxg5 h6 19.Nh3 g5 20.Qg3 Qb6 21.Rae1 Rfe8 22.
Nf2 Qxb3 23.h4 gxh4 24.Qxh4 Qxb2 25.Nfe4 Nxe4 26.Rxe4 Qxc3 27.f6 Rxe4 28.
dxe4 Qe3+ 29.Kh1 Qg5 30.Qe1 Bxf6 0-1

[Event "33rd Rilton Cup"]
[Site "Stockholm SWE"]
[Date "2004.01.04"]
[Round "8.37"]
[White "Kosmo, Santul"]
[Black "Ask, Josef"]
[Result "1-0"]
[WhiteElo "2218"]
[BlackElo "2178"]
[EventDate "2003.12.27"]
[PlyCount "33"]

1.e4 c5 2.Nf3 d6 3.d4 cxd4 4.Nxd4 Nf6 5.Nc3 a6 6.Bg5 e6 7.f4 Qc7 8.Qf3 b5 
9.f5 b4 10.Ncb5 axb5 11.Bxb5+ Bd7 12.fxe6 Bxb5 13.Nxb5 Qd8 14.e5 Rxa2 15.
Rxa2 dxe5 16.Qb7 fxe6 17.Ra8 1-0

[Event "33rd Rilton Cup"]
[Site "Stockholm SWE"]
[Date "2004.01.04"]
[Round "8.39"]
[White "Leino, Jukka"]
[Black "Forsberg, Viktor"]
[Result "1/2-1/2"]
[WhiteElo "2215"]
[BlackElo "2153"]
[EventDate "2003.12.27"]
[PlyCount "76"]

1.e4 c5 2.d3 Nc6 3.g3 g6 4.Bg2 Bg7 5.f4 d6 6.Nf3 e6 7.O-O Nge7 8.h3 O-O 9.
Nc3 Rb8 10.Ne2 b6 11.g4 f5 12.Ng3 Qd7 13.c3 Bb7 14.d4 cxd4 15.Nxd4 Nxd4 
16.cxd4 fxe4 17.Nxe4 Nd5 18.Nc3 Nxc3 19.bxc3 Bxg2 20.Kxg2 Rbc8 21.Qf3 Qc6 
22.Bd2 Qxf3+ 23.Rxf3 e5 24.fxe5 dxe5 25.Rxf8+ Kxf8 26.dxe5 Bxe5 27.Re1 Bf6
28.g5 Be7 29.Re4 Bc5 30.Kf3 Rd8 31.Ke2 Rd7 32.Bf4 Kf7 33.a4 Re7 34.Kd3 
Rxe4 35.Kxe4 Ke6 36.c4 Bg1 37.Bb8 a6 38.Bf4 Bc5 1/2-1/2

[Event "33rd Rilton Cup"]
[Site "Stockholm SWE"]
[Date "2004.01.04"]
[Round "8.41"]
[White "Norberg, Johan"]
[Black "Larsen, Tor Kristian"]
[Result "1-0"]
[WhiteElo "2176"]
[BlackElo "1990"]
[EventDate "2003.12.27"]
[PlyCount "49"]

1.e4 c5 2.Nf3 Nc6 3.d4 cxd4 4.Nxd4 g6 5.Nc3 Bg7 6.Be3 Nf6 7.Bc4 Qa5 8.O-O 
O-O 9.Bb3 d6 10.h3 Bd7 11.f4 Qh5 12.Nf3 b5 13.a3 a5 14.Qd3 a4 15.Bd5 Nxd5 
16.exd5 Na5 17.Bd4 Nc4 18.Bxg7 Kxg7 19.Rae1 e6 20.Qd4+ Kg8 21.Ne4 e5 22.
Nf6+ Kh8 23.fxe5 dxe5 24.Nxe5 Qxe5 25.Rxe5 1-0

[Event "33rd Rilton Cup"]
[Site "Stockholm SWE"]
[Date "2004.01.04"]
[Round "8.43"]
[White "Netzer, Jean"]
[Black "Backman, Michael"]
[Result "1-0"]
[WhiteElo "2268"]
[BlackElo "2106"]
[EventDate "2003.12.27"]
[PlyCount "93"]

1.e4 c5 2.Nf3 d6 3.d4 cxd4 4.Nxd4 Nf6 5.Nc3 a6 6.Be2 e5 7.Nb3 Be7 8.O-O 
O-O 9.Kh1 Nbd7 10.Bg5 Qc7 11.a4 b6 12.Bg4 Bb7 13.Bxd7 Qxd7 14.Bxf6 Bxf6 
15.Nd5 Bxd5 16.Qxd5 Rac8 17.c3 Qe6 18.Rfd1 Be7 19.f3 Qxd5 20.Rxd5 f5 21.
exf5 Rxf5 22.Nd2 Rc5 23.Rd3 Rf8 24.Ne4 Rc6 25.Rad1 Rd8 26.Rd5 Kf7 27.b3 
Ke6 28.c4 g5 29.g3 h5 30.Kg2 g4 31.fxg4 hxg4 32.h3 gxh3+ 33.Kxh3 Kf5 34.
Re1 Rh8+ 35.Kg2 Rh6 36.Rd3 Rc8 37.Kf3 Rf8 38.Red1 Ke6+ 39.Kg2 Kd7 40.a5 
bxa5 41.c5 Rb8 42.cxd6 Bf8 43.g4 Rb4 44.g5 Rg6 45.Kf3 Rd4 46.Rxd4 exd4 47.
Rxd4 1-0

[Event "33rd Rilton Cup"]
[Site "Stockholm SWE"]
[Date "2004.01.04"]
[Round "8.44"]
[White "Malmstig, Erik"]
[Black "Larsson, Victor"]
[Result "1-0"]
[WhiteElo "2277"]
[BlackElo "2116"]
[EventDate "2003.12.27"]
[PlyCount "79"]

1.d4 d5 2.c4 e6 3.Nc3 Be7 4.cxd5 exd5 5.Bf4 Nf6 6.e3 Bf5 7.Be2 c6 8.a3 O-O
9.h3 Ne4 10.Nf3 Nd7 11.O-O Re8 12.Rc1 Bg6 13.b4 a5 14.Qb3 axb4 15.axb4 Qb6
16.Nxe4 dxe4 17.Ne5 Nxe5 18.Bxe5 Qxb4 19.Qxb4 Bxb4 20.Rb1 c5 21.Bd6 b6 22.
Bc7 Rec8 23.Bxb6 Bf5 24.Rfd1 Ba3 25.g4 Be6 26.d5 Bd7 27.Bc4 Ba4 28.d6 Bxd1
29.Rxd1 Kf8 30.d7 Rd8 31.Ra1 Rxd7 32.Rxa3 Rd1+ 33.Kg2 Rb8 34.Bxc5+ Ke8 35.
Ra7 Rbb1 36.Re7+ Kd8 37.Rxe4 Rg1+ 38.Kf3 Rh1 39.h4 Rxh4 40.Be7+ 1-0

[Event "33rd Rilton Cup"]
[Site "Stockholm SWE"]
[Date "2004.01.04"]
[Round "8.47"]
[White "Azizi, Haroon"]
[Black "Eriksson, Jorgen"]
[Result "1/2-1/2"]
[WhiteElo "2122"]
[BlackElo "2217"]
[EventDate "2003.12.27"]
[PlyCount "57"]

1.e4 d6 2.d4 Nf6 3.Bd3 e5 4.c3 d5 5.dxe5 Nxe4 6.Nd2 Nc5 7.Bc2 Be7 8.Ngf3 
Bg4 9.O-O O-O 10.h3 Bh5 11.Re1 Nc6 12.b4 Ne6 13.Nb3 a6 14.a3 a5 15.g4 Bg6 
16.b5 Bxc2 17.Qxc2 a4 18.Nbd4 Ncxd4 19.Nxd4 Bg5 20.Qf5 Bxc1 21.Rexc1 Qe7 
22.Qf3 Qc5 23.Qd3 Rfe8 24.Rf1 Ra5 25.Rfb1 Nf4 26.Qe3 Ne6 27.Qd3 Nf4 28.Qe3
Ne6 29.Qd3 1/2-1/2

[Event "33rd Rilton Cup"]
[Site "Stockholm SWE"]
[Date "2004.01.04"]
[Round "8.48"]
[White "Christensen, Esben"]
[Black "Nygren, David"]
[Result "1/2-1/2"]
[WhiteElo "2083"]
[BlackElo "2186"]
[EventDate "2003.12.27"]
[PlyCount "88"]

1.e4 e6 2.Nf3 d5 3.Nc3 Nf6 4.e5 Ne4 5.Ne2 Bc5 6.d4 Be7 7.Ng3 c5 8.Bd3 Qa5+
9.c3 cxd4 10.Nxe4 dxe4 11.Bxe4 dxc3 12.bxc3 Qxc3+ 13.Bd2 Qc4 14.Qe2 Qxe2+ 
15.Kxe2 Nd7 16.Be3 O-O 17.Rhc1 Ba3 18.Rc7 Nxe5 19.Bxb7 Bd6 20.Rxc8 Raxc8 
21.Bxc8 Rxc8 22.Nxe5 Bxe5 23.Rd1 a6 24.Rd7 Kf8 25.Kd2 Rc4 26.Ra7 Rc6 27.h4
f5 28.g3 Bc7 29.h5 e5 30.h6 gxh6 31.Bxh6+ Kf7 32.Be3 Ke6 33.Ra8 Kd5 34.Rh8
f4 35.gxf4 exf4 36.Ba7 Ba5+ 37.Kd1 Rc7 38.Bb8 Rd7 39.Ke2 Bc3 40.Re8 Rf7 
41.Kf3 Bd4 42.Re4 Rb7 43.Bxf4 Rf7 44.Re2 Bc3 1/2-1/2

[Event "33rd Rilton Cup"]
[Site "Stockholm SWE"]
[Date "2004.01.04"]
[Round "8.49"]
[White "Jantti, Petri"]
[Black "Lindh, Fredrik"]
[Result "1/2-1/2"]
[WhiteElo "2087"]
[BlackElo "2196"]
[EventDate "2003.12.27"]
[PlyCount "56"]

1.e4 c5 2.Nf3 Nc6 3.d4 cxd4 4.Nxd4 Nf6 5.Nc3 e5 6.Ndb5 d6 7.Bg5 a6 8.Na3 
b5 9.Nd5 Be7 10.Bxf6 Bxf6 11.c3 Ne7 12.Nc2 Nxd5 13.Qxd5 Rb8 14.Nb4 Bb7 15.
Qd3 O-O 16.Rd1 Qc8 17.Be2 Rd8 18.O-O Qe6 19.h3 Bg5 20.Nd5 Qg6 21.Bg4 h5 
22.Bf3 Rbc8 23.Qe2 h4 24.Rd3 Qh6 25.Rfd1 g6 26.Bg4 Rc5 27.Qf3 Kg7 28.Qe2 
Rc4 1/2-1/2

[Event "33rd Rilton Cup"]
[Site "Stockholm SWE"]
[Date "2004.01.04"]
[Round "8.50"]
[White "Horn, Emilia"]
[Black "Andersson, Goran"]
[Result "1/2-1/2"]
[WhiteElo "2051"]
[BlackElo "2194"]
[EventDate "2003.12.27"]
[PlyCount "114"]

1.e4 e6 2.d4 d5 3.Nc3 Bb4 4.e5 Ne7 5.a3 Bxc3+ 6.bxc3 c5 7.h4 b6 8.h5 h6 9.
Qg4 Kf8 10.Rh3 Ba6 11.Nf3 Bxf1 12.Kxf1 Qc8 13.Bd2 Nd7 14.Nh4 f5 15.exf6 
Nxf6 16.Qe2 Kf7 17.g4 cxd4 18.cxd4 Qxc2 19.Rc1 Qe4 20.Rf3 Qxe2+ 21.Kxe2 
Rhc8 22.Rxc8 Rxc8 23.Bb4 Rc4 24.Bxe7 Kxe7 25.Ng6+ Kd6 26.g5 hxg5 27.h6 
gxh6 28.Rxf6 Rxd4 29.Nh8 h5 30.Rh6 Re4+ 31.Kf1 Ra4 32.Nf7+ Kc5 33.Nxg5 e5 
34.Ne6+ Kc4 35.Rxh5 e4 36.Rh3 d4 37.Rh4 Kd5 38.Ng5 d3 39.f3 d2 40.Ke2 
exf3+ 41.Nxf3 Rxa3 42.Nxd2 b5 43.Nb1 Rb3 44.Nd2 Ra3 45.Nb1 Rg3 46.Kd2 Kc5 
47.Nc3 Rg2+ 48.Kd3 a6 49.Rh6 b4 50.Rh5+ Kc6 51.Rh6+ Kb7 52.Rh7+ Kc8 53.
Rh8+ Kd7 54.Rh7+ Ke8 55.Rh8+ Kf7 56.Ne2 a5 57.Rh5 a4 1/2-1/2

[Event "33rd Rilton Cup"]
[Site "Stockholm SWE"]
[Date "2004.01.04"]
[Round "8.51"]
[White "Krantz, Christopher"]
[Black "Palmblad, Jan-Peter"]
[Result "0-1"]
[WhiteElo "1919"]
[BlackElo "2187"]
[EventDate "2003.12.27"]
[PlyCount "86"]

1.c4 e6 2.g3 d5 3.Bg2 Nf6 4.Nf3 c5 5.cxd5 exd5 6.d4 Nc6 7.O-O Be7 8.dxc5 
Bxc5 9.Bg5 Be7 10.Nc3 Be6 11.Rc1 h6 12.Bf4 O-O 13.Qd2 Ne4 14.Nxe4 dxe4 15.
Qxd8 Rfxd8 16.Ne5 Nd4 17.Rc7 Nxe2+ 18.Kh1 Nxf4 19.gxf4 Bd6 20.Rxb7 Bd5 21.
Rd7 Rxd7 22.Nxd7 Bxf4 23.Rd1 Bc6 24.b4 f5 25.Nc5 a5 26.Ne6 Be5 27.a3 axb4 
28.axb4 Re8 29.Rd8 Rxd8 30.Nxd8 Bb5 31.Ne6 Kf7 32.Nc5 Bc3 33.Nb3 Bxb4 34.
Nd4 Bd7 35.Kg1 Kf6 36.Bf1 Ke5 37.Nc2 Bc5 38.Ba6 f4 39.Kf1 Ba4 40.Ne1 f3 
41.Bb7 Kf4 42.Bd5 Bb4 43.h4 Bb5+ 0-1

[Event "33rd Rilton Cup"]
[Site "Stockholm SWE"]
[Date "2004.01.04"]
[Round "8.54"]
[White "Gustafsson, Stefan"]
[Black "Jiretorn, Eva"]
[Result "1-0"]
[WhiteElo "1980"]
[BlackElo "2146"]
[EventDate "2003.12.27"]
[PlyCount "127"]

1.e4 c5 2.Nc3 Nc6 3.g3 g6 4.Bg2 Bg7 5.d3 Nf6 6.Be3 d6 7.Qd2 O-O 8.h4 Ng4 
9.h5 Nxe3 10.Qxe3 Rb8 11.Nge2 Nd4 12.Qd2 Nxe2 13.Qxe2 b5 14.O-O b4 15.Nd1 
Be6 16.f4 Qc8 17.hxg6 fxg6 18.c3 a5 19.c4 a4 20.Rc1 Bg4 21.Bf3 Bxf3 22.
Rxf3 Qh3 23.Ne3 Bd4 24.Rcf1 h6 25.R1f2 Qe6 26.Rh2 h5 27.Kg2 Bxe3 28.Qxe3 
Qf6 29.Kg1 a3 30.b3 Rf7 31.Rhf2 Rbf8 32.Kg2 e5 33.f5 g5 34.g4 Rh7 35.gxh5 
Kf7 36.Kf1 Rxh5 37.Rg2 Rfh8 38.Rfg3 Rg8 39.Rh3 Rxh3 40.Qxh3 Rh8 41.Qe3 Rh4
42.Qxg5 Rh1+ 43.Kf2 Qxg5 44.Rxg5 Ra1 45.Rh5 Rxa2+ 46.Kg3 Rd2 47.Rh7+ Kg8 
48.Ra7 Rxd3+ 49.Kg4 Rxb3 50.f6 a2 51.Rxa2 Ra3 52.Rd2 b3 53.Rxd6 Ra4 54.Kf5
Kf7 55.Rd7+ Ke8 56.Re7+ Kf8 57.Kg6 b2 58.Rh7 Ke8 59.f7+ Ke7 60.Rh8 Ra6+ 
61.Kg7 Rf6 62.Re8+ Kd7 63.Rb8 Rf1 64.f8=Q 1-0

[Event "33rd Rilton Cup"]
[Site "Stockholm SWE"]
[Date "2004.01.04"]
[Round "8.55"]
[White "Asberg, Anders"]
[Black "Johansson, Viktoria"]
[Result "0-1"]
[WhiteElo "1886"]
[BlackElo "2167"]
[EventDate "2003.12.27"]
[PlyCount "110"]

1.e4 c5 2.Nf3 Nc6 3.d4 cxd4 4.Nxd4 g6 5.Nc3 Bg7 6.Be3 Nf6 7.Bc4 Qa5 8.O-O 
d6 9.h3 O-O 10.Bb3 Bd7 11.Qd2 Nxd4 12.Qxd4 Bc6 13.Qd3 Nd7 14.f3 Ne5 15.Qe2
b5 16.Rfe1 Rac8 17.Qf2 Rc7 18.Nd5 Bxd5 19.exd5 Nc4 20.Bd4 Bxd4 21.Qxd4 Qb6
22.Qxb6 Nxb6 23.Red1 a5 24.a4 bxa4 25.Bxa4 Nxa4 26.Rxa4 Rxc2 27.Rxa5 Rxb2 
28.Ra7 Re8 29.Kh2 Kf8 30.Kg3 Reb8 31.Ra4 R8b7 32.Rad4 Rc2 33.R1d2 Rbb2 34.
Rxc2 Rxc2 35.Rd3 Kg7 36.f4 Kf6 37.Kf3 Rc4 38.h4 h5 39.g4 hxg4+ 40.Kxg4 Rc1
41.Rd4 Rg1+ 42.Kf3 Kf5 43.Ra4 Rh1 44.Kg3 Rd1 45.Ra7 Rd3+ 46.Kf2 Kf6 47.Ra5
Rh3 48.Kg2 Rxh4 49.Kg3 Rh1 50.Kf3 Rf1+ 51.Ke4 Re1+ 52.Kf3 Kf5 53.Ra7 Re4 
54.Kg3 Re3+ 55.Kf2 Kxf4 0-1

[Event "33rd Rilton Cup"]
[Site "Stockholm SWE"]
[Date "2004.01.04"]
[Round "8.58"]
[White "Egeland, Marte"]
[Black "Janse, Love"]
[Result "0-1"]
[WhiteElo "1990"]
[BlackElo "2152"]
[EventDate "2003.12.27"]
[PlyCount "101"]

1.e4 g6 2.d4 d6 3.Nf3 Bg7 4.Nc3 c6 5.Bc4 Nf6 6.Bf4 d5 7.exd5 Nxd5 8.Be5 
Bxe5 9.Nxe5 f6 10.Nf3 Be6 11.Nxd5 Bxd5 12.Bd3 Qb6 13.b3 Bxf3 14.gxf3 Qb4+ 
15.Kf1 Nd7 16.Kg2 O-O-O 17.c4 e5 18.a3 Qb6 19.d5 cxd5 20.cxd5 Qd6 21.Bc4 
Nb6 22.Qc2 Kb8 23.Rhd1 Qc5 24.Qe4 Rd6 25.a4 Rhd8 26.Rac1 Qa5 27.Rd3 a6 28.
Qh4 h5 29.Rdd1 f5 30.Qg5 Nxd5 31.Bxd5 Rxd5 32.b4 Qb6 33.Rxd5 Rxd5 34.Qe7 
Qd8 35.Qe6 Qg5+ 36.Kh3 Qxc1 37.Qxd5 Qf1+ 38.Kg3 f4+ 39.Kh4 Qxf2+ 40.Kg5 
Qd4 41.Qxd4 exd4 42.Kxf4 a5 43.b5 Kc7 44.Ke4 Kd6 45.Kxd4 b6 46.h4 Ke6 47.
Ke4 Kf6 48.Kf4 g5+ 49.hxg5+ Kg6 50.Ke5 Kxg5 51.f4+ 0-1

[Event "33rd Rilton Cup"]
[Site "Stockholm SWE"]
[Date "2004.01.04"]
[Round "8.59"]
[White "Getta, Markus"]
[Black "Lardot, Derik"]
[Result "1-0"]
[WhiteElo "2096"]
[BlackElo "2014"]
[EventDate "2003.12.27"]
[PlyCount "113"]

1.e4 e5 2.f4 Nc6 3.Nf3 f5 4.exf5 e4 5.Ne5 Nf6 6.d3 exd3 7.Bxd3 Bc5 8.Nc3 
O-O 9.Na4 Qe7 10.Nxc5 Nxe5 11.fxe5 Qxe5+ 12.Qe2 Qxc5 13.Be3 Qe5 14.O-O-O 
Re8 15.Rhe1 Kh8 16.Qf3 Rf8 17.g4 Qd5 18.Qxd5 Nxd5 19.Bd4 d6 20.c4 c5 21.
Bc3 Nxc3 22.bxc3 Bd7 23.Be4 Rfe8 24.Bxb7 Rxe1 25.Rxe1 Rd8 26.Re7 h6 27.Bd5
a5 28.Kc2 h5 29.h3 Ba4+ 30.Kd2 Bd7 31.Bf7 hxg4 32.hxg4 g5 33.fxg6 Bxg4 34.
Ra7 Bd7 35.Rxa5 Kg7 36.Ra7 Kf6 37.a4 Bf5 38.a5 Rh8 39.a6 Rh2+ 40.Ke3 Rh3+ 
41.Kd2 Rh2+ 42.Kc1 Ra2 43.Be8 Bxg6 44.Bxg6 Kxg6 45.Ra8 Kf6 46.a7 Kg7 47.
Kb1 Ra6 48.Kc2 Kh7 49.Kd3 Kg7 50.Ke4 Kh7 51.Kd5 Kg7 52.Ke6 Kh7 53.Kd7 Ra4 
54.Kxd6 Ra5 55.Kc6 Kg7 56.Kb6 Ra1 57.Rb8 1-0

[Event "33rd Rilton Cup"]
[Site "Stockholm SWE"]
[Date "2004.01.04"]
[Round "8.60"]
[White "Nystrom, Ragnar"]
[Black "Penttila, Tero"]
[Result "1-0"]
[WhiteElo "2098"]
[BlackElo "1983"]
[EventDate "2003.12.27"]
[PlyCount "101"]

1.d4 Nf6 2.c4 c5 3.e3 e6 4.Nf3 d5 5.Nc3 Nc6 6.Bd3 Bd6 7.O-O O-O 8.h3 a6 9.
cxd5 exd5 10.dxc5 Bxc5 11.Ne2 Qc7 12.Ned4 Rd8 13.b3 Ne5 14.Be2 Nxf3+ 15.
Nxf3 Qb6 16.Bb2 Ne4 17.Bd4 Bxd4 18.Qxd4 Qxd4 19.Nxd4 Be6 20.Rac1 Rac8 21.
Bd3 Nc5 22.Bc2 g6 23.f3 Rc7 24.Bb1 Rdc8 25.Rc2 Nd7 26.Rfc1 Rxc2 27.Rxc2 
Rxc2 28.Bxc2 Kg7 29.Kf2 Kf6 30.f4 h6 31.Kf3 Nb6 32.g4 Bd7 33.Kg3 Nc8 34.
Nf3 Ne7 35.Ne5 Be8 36.h4 Nc6 37.Nf3 Bd7 38.g5+ hxg5 39.hxg5+ Kg7 40.Kf2 f6
41.Kg3 Kf7 42.Nh4 fxg5 43.fxg5 Ne7 44.Kf4 b5 45.Ke5 Bg4 46.a3 a5 47.Ng2 
Nc6+ 48.Kd6 Ne7 49.Kc5 Be2 50.Nf4 a4 51.Nxe2 1-0

[Event "33rd Rilton Cup"]
[Site "Stockholm SWE"]
[Date "2004.01.04"]
[Round "8.63"]
[White "Adler, Bo"]
[Black "Karlsen, Terje"]
[Result "1-0"]
[WhiteElo "2245"]
[BlackElo "2083"]
[EventDate "2003.12.27"]
[PlyCount "117"]

1.e4 c5 2.Nc3 Nc6 3.f4 g6 4.Nf3 Bg7 5.Bc4 e6 6.O-O Nge7 7.Qe1 a6 8.d3 O-O 
9.f5 d5 10.Qh4 Nxf5 11.exf5 Qxh4 12.Nxh4 Bd4+ 13.Kh1 dxc4 14.fxg6 Nb4 15.
Bh6 Bg7 16.gxf7+ Rxf7 17.Rxf7 Kxf7 18.Rf1+ Kg8 19.Bxg7 Kxg7 20.dxc4 Nxc2 
21.Ne4 Ne3 22.Rf3 Nxc4 23.Rc3 b5 24.b3 Nb6 25.Rxc5 Nd5 26.Nf3 Bd7 27.Ne5 
Be8 28.Kg1 Bg6 29.Nxg6 Kxg6 30.g4 Nf6 31.Nf2 Ra7 32.Re5 Re7 33.Kg2 Nd7 34.
Re2 e5 35.Kg3 Nf6 36.h4 h5 37.g5 Nd5 38.Rd2 Nf4 39.Ne4 Re6 40.Kf3 Rc6 41.
Rd8 Ne6 42.Rg8+ Kf7 43.Rh8 Nd4+ 44.Ke3 Nf5+ 45.Kd3 Nxh4 46.Rh7+ Kg8 47.
Rxh5 Ng6 48.Rh1 Nf4+ 49.Kd2 Kf7 50.Rh7+ Ke6 51.Rh6+ Kd5 52.Nc3+ Kc5 53.b4+
Kb6 54.Ke3 Kc7 55.Rxc6+ Kxc6 56.Ke4 Kd6 57.Kf5 Nd3 58.g6 Ke7 59.Nd5+ 1-0

[Event "33rd Rilton Cup"]
[Site "Stockholm SWE"]
[Date "2004.01.04"]
[Round "8.67"]
[White "Johnsen, Sylvia"]
[Black "Helin, Mikael"]
[Result "0-1"]
[WhiteElo "2102"]
[BlackElo "1971"]
[EventDate "2003.12.27"]
[PlyCount "56"]

1.e4 c5 2.c3 Nf6 3.e5 Nd5 4.Nf3 e6 5.d4 cxd4 6.Nxd4 a6 7.Bd3 b6 8.O-O Bb7 
9.Re1 Qc7 10.Qg4 Nc6 11.Nxc6 dxc6 12.Bg5 h6 13.Bh4 g5 14.Bg3 Be7 15.h4 h5 
16.Qe4 c5 17.hxg5 Bxg5 18.Qe2 h4 19.Bh2 h3 20.Qg4 O-O-O 21.Be4 Rdg8 22.Qf3
hxg2 23.Na3 Bf4 24.Bg3 Kb8 25.Nc4 f5 26.exf6 Bxg3 27.fxg3 Rxg3 28.Qd1 Qf4 
0-1

[Event "33rd Rilton Cup"]
[Site "Stockholm SWE"]
[Date "2004.01.05"]
[Round "9.4"]
[White "Schlosser, Philipp"]
[Black "Lobron, Eric"]
[Result "1/2-1/2"]
[WhiteElo "2560"]
[BlackElo "2497"]
[EventDate "2003.12.27"]
[PlyCount "52"]

1.Nf3 Nf6 2.c4 b6 3.d4 e6 4.g3 Ba6 5.b3 Bb7 6.Bg2 Bb4+ 7.Bd2 Be7 8.Nc3 d5 
9.cxd5 exd5 10.O-O O-O 11.Qc2 Na6 12.Rfd1 Qd7 13.a3 c5 14.Bf4 Rfd8 15.Qb2 
h6 16.Rac1 Qe6 17.Nb5 Bc6 18.dxc5 bxc5 19.Nbd4 Qc8 20.b4 Ba4 21.Re1 Ne4 
22.Qa1 Re8 23.bxc5 Naxc5 24.Qa2 Qd8 25.Be5 Bf8 26.Bh3 g6 1/2-1/2

[Event "33rd Rilton Cup"]
[Site "Stockholm SWE"]
[Date "2004.01.05"]
[Round "9.8"]
[White "Akesson, Ralf"]
[Black "Nataf, Igor-Alexandre"]
[Result "1-0"]
[WhiteElo "2431"]
[BlackElo "2561"]
[EventDate "2003.12.27"]
[PlyCount "62"]

1.d4 Nf6 2.c4 g6 3.Nc3 Bg7 4.e4 d6 5.Bd3 O-O 6.Nge2 c5 7.d5 e6 8.O-O exd5 
9.cxd5 Re8 10.Ng3 Nbd7 11.a4 a6 12.f4 Rb8 13.Qf3 Qc7 14.Be3 c4 15.Bc2 Nc5 
16.h3 b5 17.axb5 axb5 18.e5 dxe5 19.fxe5 Rxe5 20.Bd4 Rg5 21.Nge2 Bf5 22.
Qe3 Bh6 23.Qe5 Qxe5 24.Bxe5 Bxc2 25.Bxb8 Nxd5 26.Bd6 Na4 27.Rae1 Bg7 28.
Nf4 Bd4+ 29.Kh1 Ne3 30.Rf3 Nxc3 31.bxc3 Be4 1-0

[Event "33rd Rilton Cup"]
[Site "Stockholm SWE"]
[Date "2004.01.05"]
[Round "9.9"]
[White "Bromann, Thorbjorn"]
[Black "Cramling, Pia"]
[Result "1/2-1/2"]
[WhiteElo "2323"]
[BlackElo "2470"]
[EventDate "2003.12.27"]
[PlyCount "82"]

1.c4 e5 2.g3 Nf6 3.Bg2 c6 4.d4 exd4 5.Qxd4 Na6 6.a3 Nc5 7.b4 Ne6 8.Qd2 a5 
9.Bb2 axb4 10.axb4 Rxa1 11.Bxa1 Qb6 12.Bc3 d5 13.cxd5 cxd5 14.Qc2 Bd7 15.
Bxf6 gxf6 16.Bxd5 Bxb4+ 17.Kf1 O-O 18.Kg2 Rc8 19.Qb2 Qc5 20.Bxb7 Rc7 21.
Bf3 Ng5 22.Qxf6 Be1 23.e3 Ra7 24.h4 Ra2 25.Ne2 Nxf3 26.Qd8+ Kg7 27.Qxd7 
Ne5 28.Qd4 Qxd4 29.exd4 Rxe2 30.dxe5 Rxf2+ 31.Kh3 Re2 32.Rh2 Re3 33.Rg2 
Rxe5 34.Nd2 Re3 35.Nf1 Rf3 36.Nh2 Ra3 37.Rg1 Bf2 38.Rg2 Be1 39.Rg1 Bf2 40.
Rg2 Bc5 41.Rd2 f5 1/2-1/2

[Event "33rd Rilton Cup"]
[Site "Stockholm SWE"]
[Date "2004.01.05"]
[Round "9.10"]
[White "Aagaard, Jacob"]
[Black "Brynell, Stellan"]
[Result "1-0"]
[WhiteElo "2373"]
[BlackElo "2462"]
[EventDate "2003.12.27"]
[PlyCount "55"]

1.e4 e6 2.d4 d5 3.Nc3 Nf6 4.e5 Nfd7 5.f4 c5 6.Nf3 Nc6 7.Be3 cxd4 8.Nxd4 
Bc5 9.Qd2 O-O 10.O-O-O a6 11.Qf2 Nxd4 12.Bxd4 Qc7 13.Bd3 Bxd4 14.Qxd4 b5 
15.Rhe1 Nc5 16.f5 exf5 17.Nxd5 Nxd3+ 18.Rxd3 Qa5 19.b4 Qxa2 20.Nf6+ gxf6 
21.Rg3+ Kh8 22.Qh4 Qa1+ 23.Kd2 Rd8+ 24.Ke2 Qxe5+ 25.Kf1 Rd1 26.Rxd1 Be6 
27.Qh6 Bc4+ 28.Kg1 1-0

[Event "33rd Rilton Cup"]
[Site "Stockholm SWE"]
[Date "2004.01.05"]
[Round "9.11"]
[White "Braun, Arik"]
[Black "Kiik, Kalle"]
[Result "1-0"]
[WhiteElo "2440"]
[BlackElo "2433"]
[EventDate "2003.12.27"]
[PlyCount "97"]

1.d4 g6 2.c4 Bg7 3.Nc3 d6 4.e4 e5 5.Nf3 exd4 6.Nxd4 Nc6 7.Be3 Nge7 8.h4 h5
9.Qd2 Ne5 10.O-O-O c6 11.Nf3 Ng4 12.Bd4 f6 13.Nh2 Qa5 14.Nxg4 Bxg4 15.Be2 
Bxe2 16.Qxe2 O-O-O 17.Kb1 Rd7 18.Rh3 Qa6 19.f4 Rhd8 20.Rc1 Kb8 21.Nd5 cxd5
22.Ra3 Qxa3 23.bxa3 Nc6 24.Bb2 dxe4 25.Qxe4 f5 26.Qe6 Bxb2 27.Kxb2 d5 28.
cxd5 Rxd5 29.Qxg6 Rb5+ 30.Ka1 a6 31.a4 Rb4 32.Qxf5 Rxa4 33.Qf7 Rdd4 34.g3 
Ra5 35.Rb1 Nd8 36.Qf8 Ka7 37.Qf6 Rad5 38.f5 Nc6 39.Qf7 Rd7 40.Qf8 Rc4 41.
Qc8 Ne5 42.Qe8 Rc5 43.f6 Ra5 44.Qe6 Rad5 45.Rf1 Nf7 46.Re1 a5 47.Qe3+ b6 
48.Qf4 Rd4 49.Re7 1-0

[Event "33rd Rilton Cup"]
[Site "Stockholm SWE"]
[Date "2004.01.05"]
[Round "9.15"]
[White "Sjoberg, Mats"]
[Black "Hillarp Persson, Tiger"]
[Result "1-0"]
[WhiteElo "2329"]
[BlackElo "2512"]
[EventDate "2003.12.27"]
[PlyCount "119"]

1.d4 e6 2.Nf3 f5 3.g3 Nf6 4.Bg2 d5 5.O-O Bd6 6.Bg5 c6 7.c4 Nbd7 8.Qc2 h6 
9.Bf4 Bxf4 10.gxf4 Ne4 11.Ne5 g5 12.f3 Nd6 13.Nd2 gxf4 14.Ng6 Qf6 15.Nxh8 
Qxd4+ 16.Kh1 Qxh8 17.cxd5 exd5 18.Rad1 Qe5 19.Rfe1 Nf8 20.Nf1 d4 21.e3 
fxe3 22.Qd3 Ne6 23.Nxe3 dxe3 24.f4 Qxf4 25.Rxe3 Nf7 26.Rf1 Qg5 27.Rxf5 Qe7
28.Bf3 Qd6 29.Qc3 Bd7 30.Qf6 Qe7 31.Bh5 Qxf6 32.Rxf6 O-O-O 33.Rxf7 Ng5 34.
Rg7 c5 35.h4 Bc6+ 36.Kg1 Ne4 37.Bf3 Rd4 38.Bxe4 Bxe4 39.Rg4 Rd1+ 40.Kf2 
Bc6 41.Re7 Bd7 42.Rg8+ Kc7 43.Rg6 h5 44.Rh7 Rd4 45.Rxh5 Bc6 46.Ke3 Kb6 47.
Rh8 a5 48.h5 Re4+ 49.Kd3 Rh4 50.h6 Kb5 51.Rg7 Rh3+ 52.Kd2 Rh2+ 53.Ke3 Rh3+
54.Kf4 Rf3+ 55.Kg5 Rf1 56.h7 Rg1+ 57.Kf6 Rf1+ 58.Ke5 Re1+ 59.Kf4 Re4+ 60.
Kf5 1-0

[Event "33rd Rilton Cup"]
[Site "Stockholm SWE"]
[Date "2004.01.05"]
[Round "9.16"]
[White "Volke, Karsten"]
[Black "Gullaksen, Eirik"]
[Result "1/2-1/2"]
[WhiteElo "2467"]
[BlackElo "2370"]
[EventDate "2003.12.27"]
[PlyCount "52"]

1.c4 e5 2.g3 Nc6 3.Bg2 g6 4.Nc3 Bg7 5.e4 d6 6.d3 Nge7 7.Nge2 O-O 8.O-O Be6
9.Nd5 Qd7 10.Be3 f5 11.f3 Rf7 12.Qd2 Raf8 13.Rae1 Nc8 14.Kh1 Nd8 15.exf5 
Bxf5 16.g4 Be6 17.h3 c5 18.Nec3 Ne7 19.Bg1 Ndc6 20.Bh2 Kh8 21.f4 Bh6 22.
Nxe7 Rxe7 23.g5 Bg7 24.h4 Ref7 25.Ne4 b6 26.fxe5 Rxf1+ 1/2-1/2

[Event "33rd Rilton Cup"]
[Site "Stockholm SWE"]
[Date "2004.01.05"]
[Round "9.17"]
[White "Moen, Andreas"]
[Black "Bezold, Michael"]
[Result "0-1"]
[WhiteElo "2239"]
[BlackElo "2456"]
[EventDate "2003.12.27"]
[PlyCount "154"]

1.d4 d6 2.g3 c5 3.Nf3 cxd4 4.Nxd4 Nf6 5.Bg2 a6 6.c4 e6 7.Nc3 Qc7 8.Qd3 
Nbd7 9.b3 Be7 10.O-O O-O 11.Bb2 Ne5 12.Qd2 Bd7 13.Rac1 Rad8 14.h3 Qb8 15.
a4 Rfe8 16.Rfd1 h6 17.Ba3 Ng6 18.e3 Bc8 19.Nc2 Qc7 20.Nd4 Qb6 21.Qb2 Ne5 
22.Rd2 Qc7 23.Rcd1 Nc6 24.Nxc6 bxc6 25.b4 Bb7 26.b5 c5 27.b6 Qc8 28.Bxb7 
Qxb7 29.a5 Nd7 30.Qb3 Ne5 31.Ra2 Bf6 32.f4 Nc6 33.Bc1 Nb4 34.Rf2 d5 35.
cxd5 exd5 36.Na4 Qc6 37.Ba3 Re4 38.Rc1 Rc4 39.Rd1 Re8 40.Bb2 Bxb2 41.Nxb2 
Rce4 42.Nd3 Rxe3 43.Nxb4 Qg6 44.Qxd5 Rxg3+ 45.Kh2 cxb4 46.f5 Qg5 47.Qd4 b3
48.h4 Rh3+ 49.Kxh3 Re3+ 50.Qxe3 Qxe3+ 51.Kg2 Qe4+ 52.Kg3 b2 53.Rff1 Qe5+ 
54.Kg2 Qxa5 55.Rb1 Qxb6 56.Rf2 Qd4 57.Rbxb2 Qg4+ 58.Kf1 Qxh4 59.Ra2 Qh1+ 
60.Ke2 Qd5 61.Kf1 a5 62.Kg1 Kh7 63.Kh2 Qb5 64.Rab2 Qe5+ 65.Kg2 Qd4 66.Ra2 
Qg4+ 67.Kf1 a4 68.Ra3 Qb4 69.Raa2 h5 70.Kg2 Qg4+ 71.Kh2 Kh6 72.Ra3 Qb4 73.
Raa2 Qb3 74.Kg2 h4 75.Rad2 Qg3+ 76.Kf1 h3 77.Ra2 a3 0-1